=LDR 00000nam 2200000 4500 =001 INLIS000000000016177 =005 20130612111442 =008 ***********************************Ind** =035 ##$$0010-061300000016177 =041 ##$$a Ind =082 ##$$a 2x9 =090 ##$$a 2x9, Alm k =100 ##$$a Al-Maududi, Abul A'la =245 ##$$a Khalifah dan kerajaan, Evaluasi ritis atas sejarah pemerintahan islam, Abul A'la AL-Maududi ; Penerjemah, Muhammad Al-Baqir =260 ##$$a 1996 $b Bandung =300 ##$$a 456 hlm., 21 cm =650 ##$$a Islam - Syarah =700 ##$$a Penerjemah, Al- Baqir, Muhammad =850 ##$$a NBPNMAT